Agricultural ecology / (Record no. 531)
[ view plain ]
| 000 -LEADER | |
|---|---|
| fixed length control field | 00876nam a22002417a 4500 |
| 001 - CONTROL NUMBER | |
| control field | BD-DhSAU 531 |
| 003 - CONTROL NUMBER IDENTIFIER | |
| control field | BD-DhSAU |
| 005 - DATE AND TIME OF LATEST TRANSACTION | |
| control field | 20150105192515.0 |
| 008 - FIXED-LENGTH DATA ELEMENTS--GENERAL INFORMATION | |
| fixed length control field | 150104b2006 i a|||| |||| 001 0deng d |
| 020 ## - INTERNATIONAL STANDARD BOOK NUMBER | |
| International Standard Book Number | 8176489948 |
| 040 ## - CATALOGING SOURCE | |
| Transcribing agency | BD-DhSAU |
| 082 ## - DEWEY DECIMAL CLASSIFICATION NUMBER | |
| Edition number | 22 |
| Classification number | 577.55 |
| Item number | KUA |
| 100 ## - MAIN ENTRY--PERSONAL NAME | |
| Personal name | Kumar, H. D. |
| 245 ## - TITLE STATEMENT | |
| Title | Agricultural ecology / |
| Statement of responsibility, etc. | H. D. Kumar |
| 260 ## - PUBLICATION, DISTRIBUTION, ETC. (IMPRINT) | |
| Place of publication, distribution, etc. | New Delhi : |
| Name of publisher, distributor, etc. | A. P. H. Publishing Corporation ; |
| Date of publication, distribution, etc. | c2006. |
| 300 ## - PHYSICAL DESCRIPTION | |
| Extent | xii, 314 p . : |
| Other physical details | ill. ; |
| Dimensions | 25 cm. |
| 504 ## - BIBLIOGRAPHY, ETC. NOTE | |
| Bibliography, etc | Includes bibliographical references & index. |
| 590 ## - Name of Cataloguer | |
| Name of Cataloger | Jerin |
| 650 ## - SUBJECT ADDED ENTRY--TOPICAL TERM | |
| Topical term or geographic name as entry element | Agronomy |
| 650 ## - SUBJECT ADDED ENTRY--TOPICAL TERM | |
| Topical term or geographic name as entry element | Agriculture |
| 9 (RLIN) | 3 |
| 650 ## - SUBJECT ADDED ENTRY--TOPICAL TERM | |
| Topical term or geographic name as entry element | Ecology |
| 856 ## - ELECTRONIC LOCATION AND ACCESS | |
| Uniform Resource Identifier | <a href="https://books.google.com.bd/books?id=tgYsf9ROAckC&printsec=frontcover&dq=Agricultural+ecology+by+H.D.+Kumar&hl=en&sa=X&ei=vQWqVIqfN4WPuAS8tYHYCQ&redir_esc=y#v=onepage&q=Agricultural%20ecology%20by%20H.D.%20Kumar&f=false">https://books.google.com.bd/books?id=tgYsf9ROAckC&printsec=frontcover&dq=Agricultural+ecology+by+H.D.+Kumar&hl=en&sa=X&ei=vQWqVIqfN4WPuAS8tYHYCQ&redir_esc=y#v=onepage&q=Agricultural%20ecology%20by%20H.D.%20Kumar&f=false</a> |
| 942 ## - ADDED ENTRY ELEMENTS (KOHA) | |
| Source of classification or shelving scheme | Dewey Decimal Classification |
| Koha item type | Book |
| Withdrawn status | Lost status | Source of classification or shelving scheme | Damaged status | Not for loan | Home library | Branch Name | Shelving location | Date acquired | Total Checkouts | Full call number | Barcode | Date last seen | Price effective from | Koha item type |
|---|---|---|---|---|---|---|---|---|---|---|---|---|---|---|
| Dewey Decimal Classification | SAU Library | SAU Library | General Stacks | 22/07/2009 | 577.55 KUA | 34671 | 04/01/2015 | 04/01/2015 | Book | |||||
| Dewey Decimal Classification | SAU Library | SAU Library | General Stacks | 22/07/2009 | 577.55 KUA | 34672 | 04/01/2015 | 04/01/2015 | Book | |||||
| Dewey Decimal Classification | Not For Loan | SAU Library | SAU Library | Reference | 19/07/2009 | 577.55 KUA | 34670 | 02/05/2015 | 02/05/2015 | Book |
